[Event "DEM U12 2005"]
[Site "Willingen GER"]
[Date "2005.05.18"]
[Round "7"]
[White "Risius, Philipp"]
[Black "Höfer, Michael"]
[Result "0-1"]
[Termination "normal"]
[Board "34"]
[WhiteElo "1429"]
[BlackElo "1507"]
[PlyCount "96"]
[WhiteFideId "24630330"]
[BlackFideId "24668850"]
[EventCountry "GER"]
[EventRounds "11"]
[EventType "swiss"]
[EventDate "2005.05.15"]

1. e4 b6 2. d4 Bb7 3. Nc3 Nf6 4. d5 c6 5. Bf4 cxd5 6. exd5 d6 7. Bb5+ Nbd7 8.
Nf3 a6 9. Be2 g6 10. O-O Bg7 11. Re1 O-O 12. Qd2 Nc5 13. Ng5 Rc8 14. Rab1 Qc7
15. Rec1 h6 16. Nf3 g5 17. Be3 Nce4 18. Nxe4 Nxe4 19. Qd3 Nf6 20. c4 a5 21. Nd4
Nd7 22. Nf5 Ne5 23. Qe4 Ba6 24. Nxg7 Kxg7 25. Bd4 f5 26. Bxe5+ dxe5 27. Qd3
Rcd8 28. Qc3 Kf6 29. b4 Rc8 30. b5 Bb7 31. Bf3 g4 32. d6 exd6 33. Bxb7 Qxb7 34.
Rd1 Rfd8 35. Rbc1 Ke6 36. Qe3 Rh8 37. Qd2 Rcd8 38. Qd5+ Qxd5 39. cxd5+ Kd7 40.
Rc6 Rb8 41. Kf1 h5 42. Ke2 h4 43. Rdc1 Rhc8 44. Rxc8 Rxc8 45. Rc6 Rxc6 46.
dxc6+ Kc7 47. f3 gxf3+ 48. gxf3 f4 0-1

[Event "DEM U12 2005"]
[Site "Willingen GER"]
[Date "2005.05.18"]
[Round "7"]
[White "Hohmann, Louisa"]
[Black "Wolf, Isaak"]
[Result "1-0"]
[Termination "normal"]
[Board "35"]
[WhiteElo "1301"]
[BlackElo "1470"]
[PlyCount "47"]
[EventCountry "GER"]
[EventRounds "11"]
[EventType "swiss"]
[EventDate "2005.05.15"]

1. e4 e5 2. Nf3 Nc6 3. Bb5 d6 4. d4 exd4 5. Nxd4 Bd7 6. Bxc6 Bxc6 7. Qd3 Qd7 8.
Nc3 Nf6 9. Bg5 Be7 10. f3 h6 11. Be3 O-O 12. Nf5 b6 13. g4 Nh7 14. h4 Bf6 15.
O-O-O a6 16. g5 hxg5 17. hxg5 Nxg5 18. f4 Bxc3 19. Qxc3 Ne6 20. Nh6+ Kh7 21.
Ng4+ Kg8 22. Nf6+ gxf6 23. Rdg1+ Ng7 24. Qxf6 1-0

[Event "DEM U12 2005"]
[Site "Willingen GER"]
[Date "2005.05.18"]
[Round "7"]
[White "Pantusenko, Valeria"]
[Black "Begeluri, Nino"]
[Result "0-1"]
[Termination "normal"]
[Board "36"]
[WhiteElo "1459"]
[BlackElo "1167"]
[PlyCount "84"]
[WhiteFideId "4662920"]
[EventCountry "GER"]
[EventRounds "11"]
[EventType "swiss"]
[EventDate "2005.05.15"]

1. e4 c5 2. Nf3 Nc6 3. d4 cxd4 4. Nxd4 e5 5. Nb5 d6 6. N1c3 a6 7. Na3 b5 8. Nd5
Be6 9. Be3 Rb8 10. Be2 Be7 11. O-O Nf6 12. f3 O-O 13. c4 bxc4 14. Nxc4 Bxd5 15.
exd5 Nb4 16. Bg5 Nbxd5 17. Qd2 Nb6 18. Rad1 Nxc4 19. Bxc4 Qb6+ 20. Rf2 d5 21.
Bxf6 gxf6 22. Bxd5 Bc5 23. Rdf1 Qxb2 24. Qxb2 Rxb2 25. Bc4 Bxf2+ 26. Rxf2 Rxf2
27. Kxf2 a5 28. a4 Rc8 29. Bb5 Rc2+ 30. Kg3 Kg7 31. Kh3 f5 32. Bd7 Kf6 33. g4
fxg4+ 34. Bxg4 Ra2 35. Bd7 Kg5 36. Kg3 Ra3 37. h4+ Kg6 38. Kg4 h5+ 39. Kg3 e4
40. Kf4 e3 41. Bb5 Rxa4+ 42. Kxe3 Rxh4 0-1

[Event "DEM U12 2005"]
[Site "Willingen GER"]
[Date "2005.05.18"]
[Round "7"]
[White "Kazman, Caner"]
[Black "Tantzen, Cedric"]
[Result "1/2-1/2"]
[Termination "normal"]
[Board "37"]
[WhiteElo "1283"]
[BlackElo "1538"]
[PlyCount "58"]
[WhiteFideId "24684953"]
[BlackFideId "24640018"]
[EventCountry "GER"]
[EventRounds "11"]
[EventType "swiss"]
[EventDate "2005.05.15"]

1. d4 d5 2. c4 e6 3. Nc3 Bb4 4. Bd2 Nf6 5. Nf3 O-O 6. a3 Bxc3 7. Bxc3 Nbd7 8.
e3 dxc4 9. Bxc4 Nb6 10. Bd3 Bd7 11. Qc2 Nfd5 12. Bxh7+ Kh8 13. Bd3 Nxc3 14.
Qxc3 Bc6 15. Nd2 Qd7 16. Rc1 Rfd8 17. Ne4 Bxe4 18. Bxe4 c6 19. Bc2 Qd5 20. Qd3
g6 21. Qe4 Qxe4 22. Bxe4 Kg7 23. h4 Rh8 24. g4 f5 25. gxf5 exf5 26. Bd3 Rh6 27.
Ke2 Rah8 28. Rcg1 Kf7 29. e4 Rxh4 1/2-1/2

[Event "DEM U12 2005"]
[Site "Willingen GER"]
[Date "2005.05.18"]
[Round "7"]
[White "Zimmerer, Leah"]
[Black "Schulz, Anja"]
[Result "0-1"]
[Termination "normal"]
[Board "38"]
[WhiteElo "1243"]
[BlackElo "1444"]
[PlyCount "118"]
[WhiteFideId "4620240"]
[BlackFideId "24647845"]
[EventCountry "GER"]
[EventRounds "11"]
[EventType "swiss"]
[EventDate "2005.05.15"]

1. d4 Nf6 2. Bf4 g6 3. e3 Bg7 4. Nd2 d6 5. h3 O-O 6. Ngf3 Nbd7 7. Bh2 a6 8. a4
c5 9. c3 b6 10. Be2 Bb7 11. O-O Re8 12. Qb3 Qc7 13. Ng5 Rf8 14. Bc4 e6 15. f3
Nd5 16. Rfe1 Qc6 17. Nge4 e5 18. dxe5 Bxe5 19. f4 Bg7 20. Re2 Ne7 21. Ng5 d5
22. Bd3 c4 23. Nxc4 dxc4 24. Bxc4 Nc5 25. Bxf7+ Kh8 26. Qa2 Nf5 27. Bc4 h6 28.
Nf3 Rae8 29. Rae1 Nxa4 30. Nd4 Bxd4 31. cxd4 Nxe3 32. Bd3 Nf5 33. Be4 Rxe4 34.
Rxe4 Qc2 35. R4e2 Qc6 36. Rd1 b5 37. d5 Qc5+ 38. Kh1 Rd8 39. b4 Qxb4 40. Rb1
Qc5 41. Rd1 Rxd5 42. Re8+ Kh7 43. Rd8 Rxd1+ 44. Rxd1 Qe7 45. Qd2 Bc6 46. Re1
Qb7 47. Qe2 Nc3 48. Qd2 Ne4 49. Qc2 b4 50. Rc1 Nc3 51. Qb3 Bd5 52. Qb2 Ne3 53.
Bg1 Nxg2 54. Bd4 Nxf4+ 55. Kh2 Nd3 56. Qc2 Qc7+ 57. Kg1 Qg3+ 58. Kf1 Qxh3+ 59.
Kg1 Qh1# 0-1

[Event "DEM U12 2005"]
[Site "Willingen GER"]
[Date "2005.05.18"]
[Round "7"]
[White "Kormann, Jewgenija"]
[Black "Marx, Joschka"]
[Result "0-1"]
[Termination "normal"]
[Board "39"]
[WhiteElo "1210"]
[BlackElo "1419"]
[PlyCount "124"]
[WhiteFideId "24606669"]
[BlackFideId "24645869"]
[EventCountry "GER"]
[EventRounds "11"]
[EventType "swiss"]
[EventDate "2005.05.15"]

1. e4 e5 2. Nf3 Nc6 3. Nc3 Nf6 4. Bc4 Be7 5. d3 O-O 6. Bg5 d6 7. h3 Na5 8. Bxf6
Bxf6 9. Bb3 Nxb3 10. axb3 Be6 11. Qe2 a6 12. Nd5 Bxd5 13. exd5 Re8 14. c3 Qd7
15. O-O Qb5 16. Rfe1 Qxd5 17. b4 Qc6 18. Qd2 h6 19. d4 e4 20. d5 Qb6 21. Nh2
Bg5 22. Qe2 e3 23. Nf3 exf2+ 24. Qxf2 Qxf2+ 25. Kxf2 Bf6 26. Kg3 Kf8 27. Kf4
Rxe1 28. Rxe1 Re8 29. Rxe8+ Kxe8 30. g4 Ke7 31. Ne1 Be5+ 32. Ke4 Kf6 33. Nf3 g6
34. h4 Bg3 35. c4 Bf2 36. h5 Kg7 37. Kd3 gxh5 38. gxh5 f5 39. Ke2 Bb6 40. Kf1
Kf6 41. Kg2 f4 42. Kh3 Kf5 43. Kh4 Bf2+ 44. Kh3 c6 45. b3 cxd5 46. cxd5 b5 47.
Nd2 Be1 48. Nf3 Bxb4 49. Nd4+ Kg5 50. Nc6 Be1 51. Nd4 Kxh5 52. Nf5 Bb4 53. Kg2
Kg5 54. Nd4 Kg4 55. Nf3 a5 56. Nd4 a4 57. bxa4 bxa4 58. Nc2 f3+ 59. Kh2 Bc5 60.
Kh1 f2 61. Kg2 a3 62. Na1 a2 0-1

[Event "DEM U12 2005"]
[Site "Willingen GER"]
[Date "2005.05.18"]
[Round "7"]
[White "Saak, Saskia"]
[Black "Kammrad, Carolin"]
[Result "0-1"]
[Termination "normal"]
[Board "40"]
[WhiteElo "1167"]
[BlackElo "1385"]
[PlyCount "68"]
[EventCountry "GER"]
[EventRounds "11"]
[EventType "swiss"]
[EventDate "2005.05.15"]

1. e4 e5 2. Nf3 Nc6 3. Bc4 Bc5 4. d3 Nf6 5. Nc3 d6 6. Bg5 Bg4 7. h3 Bh5 8. g4
Bg6 9. Nd5 h6 10. Bxf6 gxf6 11. c3 Na5 12. Bb3 c6 13. Ne3 Qb6 14. Nd2 Bxe3 15.
fxe3 Qxe3+ 16. Qe2 Qxe2+ 17. Kxe2 Nxb3 18. Nxb3 h5 19. Kd2 hxg4 20. hxg4 Kd7
21. Kc2 Rag8 22. Rag1 Rh7 23. Nd2 Rhg7 24. Rg2 Bh7 25. Rgh2 Bg6 26. Nf1 a5 27.
Ng3 b5 28. d4 d5 29. Kd3 dxe4+ 30. Nxe4 Bxe4+ 31. Kxe4 Rxg4+ 32. Ke3 Rg3+ 33.
Ke4 R8g4+ 34. Kf5 Rf4# 0-1

[Event "DEM U12 2005"]
[Site "Willingen GER"]
[Date "2005.05.18"]
[Round "7"]
[White "Orhan, Eda"]
[Black "Mytyukova, Yevgeniya"]
[Result "1-0"]
[Termination "normal"]
[Board "41"]
[WhiteElo "1366"]
[BlackElo "1201"]
[PlyCount "63"]
[WhiteFideId "24659258"]
[EventCountry "GER"]
[EventRounds "11"]
[EventType "swiss"]
[EventDate "2005.05.15"]

1. e4 e5 2. Nf3 Nc6 3. Bc4 Bc5 4. c3 Nf6 5. d4 exd4 6. e5 Ng8 7. cxd4 Bb6 8.
O-O d5 9. exd6 cxd6 10. Re1+ Nce7 11. Qb3 Nf6 12. Bxf7+ Kf8 13. Be6 h6 14. Nc3
a6 15. Bf4 g5 16. Bg3 Nh5 17. Bxc8 Rxc8 18. Qe6 Bc7 19. Nd5 Rh7 20. Nxc7 Rxc7
21. Bxd6 Rd7 22. Qf5+ Kg8 23. Bxe7 Rdxe7 24. Qg6+ Reg7 25. Qxh5 Rf7 26. Re2 Qd7
27. Ne5 Qf5 28. Nxf7 Qxf7 29. Qxf7+ Rxf7 30. d5 Rd7 31. Rd1 Rd6 32. Re6 1-0

[Event "DEM U12 2005"]
[Site "Willingen GER"]
[Date "2005.05.18"]
[Round "7"]
[White "Nguyen Minh, Thuy"]
[Black "Schwarzat, Julian"]
[Result "1/2-1/2"]
[Termination "normal"]
[Board "42"]
[WhiteElo "1328"]
[BlackElo "1185"]
[PlyCount "97"]
[WhiteFideId "24672688"]
[BlackFideId "24675857"]
[EventCountry "GER"]
[EventRounds "11"]
[EventType "swiss"]
[EventDate "2005.05.15"]

1. e4 e6 2. d4 d5 3. Nc3 Bb4 4. e5 Ne7 5. Nf3 c5 6. a3 Bxc3+ 7. bxc3 Nbc6 8.
dxc5 Qa5 9. Bb2 Qxc5 10. a4 Qb6 11. Rb1 Bd7 12. Ba1 Qc7 13. c4 Rc8 14. cxd5
Nxd5 15. Bc4 Nce7 16. Bb3 Nc3 17. Bxc3 Qxc3+ 18. Qd2 Qxd2+ 19. Nxd2 Ng6 20. Nc4
O-O 21. O-O Rc7 22. a5 Bb5 23. Rfe1 Bxc4 24. Bxc4 Rxc4 25. Rxb7 Ra8 26. Re2 Rc5
27. Rd2 Rxa5 28. g3 Rd5 29. Re2 Rxe5 30. Rd2 Rd5 31. Re2 a5 32. Re3 Rd1+ 33.
Kg2 Rc1 34. Rc3 a4 35. Rcc7 Nh8 36. Ra7 Rf8 37. Rxa4 h6 38. c4 Rd1 39. c5 Rdd8
40. c6 Rc8 41. Raa7 Ng6 42. f4 Kh7 43. h4 Rxc7 44. Rxc7 f6 45. h5 Nh8 46. Kf3
Nf7 47. Rd7 Rc8 48. c7 Nd6 49. Rxd6 1/2-1/2

[Event "DEM U12 2005"]
[Site "Willingen GER"]
[Date "2005.05.18"]
[Round "7"]
[White "Micklich, Rahel"]
[Black "Dilz, Jasmin"]
[Result "1-0"]
[Termination "normal"]
[Board "43"]
[WhiteElo "1294"]
[BlackElo "1138"]
[PlyCount "127"]
[WhiteFideId "24639184"]
[EventCountry "GER"]
[EventRounds "11"]
[EventType "swiss"]
[EventDate "2005.05.15"]

1. d4 d5 2. c4 c6 3. cxd5 cxd5 4. Nc3 Nf6 5. Nf3 e6 6. Bg5 Nbd7 7. e3 a6 8. Bd3
Be7 9. O-O O-O 10. Qc2 h6 11. Bf4 b5 12. a3 Bb7 13. Rfc1 Nb6 14. b3 Bc6 15. Ne2
Rc8 16. Qb2 Bd6 17. Rc2 Bxf4 18. Nxf4 Qd6 19. Rac1 Bb7 20. a4 Rxc2 21. Rxc2 b4
22. Qc1 a5 23. Rc7 Rc8 24. Rxc8+ Bxc8 25. Qc5 Qxc5 26. dxc5 Na8 27. c6 e5 28.
Nxe5 Nc7 29. Bb5 Ne4 30. Nf3 g5 31. Nd3 Ba6 32. Nd4 Nd6 33. Bxa6 Nxa6 34. Nb5
Ne4 35. c7 Nxc7 36. Nxc7 Nf6 37. f3 Kf8 38. Ne5 Ke7 39. Nb5 Ke6 40. Nc6 g4 41.
Nxa5 gxf3 42. gxf3 Nd7 43. Nc6 Nc5 44. Nbd4+ Kd6 45. Nxb4 h5 46. a5 Ke5 47. a6
Nxa6 48. Nxa6 f5 49. b4 f4 50. Nc6+ Kf5 51. exf4 Kxf4 52. b5 Kxf3 53. b6 Ke4
54. b7 d4 55. Nxd4 Kxd4 56. b8=Q h4 57. Qd6+ Ke4 58. Nc5+ Ke3 59. Qd3+ Kf4 60.
Qe4+ Kg5 61. Qf3 h3 62. Ne4+ Kh4 63. Qg3+ Kh5 64. Qg5# 1-0

[Event "DEM U12 2005"]
[Site "Willingen GER"]
[Date "2005.05.18"]
[Round "7"]
[White "Weißenburg, Isabel"]
[Black "Garny, Annica"]
[Result "1-0"]
[Termination "normal"]
[Board "44"]
[WhiteElo "1146"]
[BlackElo "1259"]
[PlyCount "91"]
[WhiteFideId "4612922"]
[BlackFideId "24600660"]
[EventCountry "GER"]
[EventRounds "11"]
[EventType "swiss"]
[EventDate "2005.05.15"]

1. e4 e5 2. Bc4 Nf6 3. d4 exd4 4. Nf3 Bc5 5. e5 Ne4 6. Qe2 Bb4+ 7. Nbd2 Nxd2 8.
Nxd2 Nc6 9. O-O O-O 10. Nf3 Re8 11. Bg5 Be7 12. Bf4 Bf6 13. Rad1 d5 14. Bb5 Bg4
15. Rfe1 Bxe5 16. Bxc6 bxc6 17. Bxe5 Qe7 18. h3 Bxf3 19. Qxf3 Qb4 20. Qb3 Qa5
21. c3 d3 22. Bd4 Re2 23. Rxe2 dxe2 24. Re1 Qa6 25. Qc2 Re8 26. Be3 Qxa2 27.
Rxe2 Qc4 28. Re1 d4 29. Bd2 Rxe1+ 30. Bxe1 d3 31. Qd2 Qb5 32. Qe3 Kf8 33. b4 a6
34. f3 Qb6 35. Bd2 a5 36. bxa5 Qxa5 37. Qxd3 Qc5+ 38. Kh1 Qe7 39. Qb1 f6 40.
Qb7 Qa3 41. Qc8+ Kf7 42. Qxc7+ Kg6 43. Qxc6 Qa1+ 44. Kh2 Qd1 45. Qe8+ Kf5 46.
Qe4# 1-0

[Event "DEM U12 2005"]
[Site "Willingen GER"]
[Date "2005.05.18"]
[Round "7"]
[White "von Wardenburg, Jendrik"]
[Black "Popov, Xenia"]
[Result "1/2-1/2"]
[Termination "normal"]
[Board "45"]
[WhiteElo "965"]
[BlackElo "1306"]
[PlyCount "27"]
[EventCountry "GER"]
[EventRounds "11"]
[EventType "swiss"]
[EventDate "2005.05.15"]

1. e4 e5 2. Nf3 Nc6 3. Bc4 Nf6 4. Nc3 Nxe4 5. d4 Nxc3 6. bxc3 d5 7. Bb5 e4 8.
Ne5 Bd7 9. Bxc6 bxc6 10. Rb1 Bd6 11. Bf4 f6 12. Qh5+ g6 13. Nxg6 Bg4 14. Qh4
1/2-1/2

[Event "DEM U12 2005"]
[Site "Willingen GER"]
[Date "2005.05.18"]
[Round "7"]
[White "Stitterich, Nadine"]
[Black "Falke, Cynthia"]
[Result "1/2-1/2"]
[Termination "normal"]
[Board "46"]
[WhiteElo "1301"]
[BlackElo "1190"]
[PlyCount "47"]
[WhiteFideId "24676527"]
[BlackFideId "24600644"]
[EventCountry "GER"]
[EventRounds "11"]
[EventType "swiss"]
[EventDate "2005.05.15"]

1. e4 e5 2. Nf3 Nc6 3. Bb5 Nge7 4. O-O a6 5. Ba4 d6 6. h3 f5 7. exf5 Bxf5 8. c3
Ng6 9. d4 e4 10. Nh2 b5 11. Bb3 d5 12. f3 Qd7 13. Be3 O-O-O 14. fxe4 Bxe4 15.
Nf3 Re8 16. Bf2 Bd6 17. a4 Rhf8 18. Ng5 Bf5 19. Bxd5 h6 20. Bxc6 Qxc6 21. Nf3
Bxh3 22. d5 Qd7 23. gxh3 Qxh3 24. Nbd2 1/2-1/2

[Event "DEM U12 2005"]
[Site "Willingen GER"]
[Date "2005.05.18"]
[Round "7"]
[White "Rogasch, Miriam"]
[Black "Thiele, Eileen"]
[Result "1-0"]
[Termination "normal"]
[Board "47"]
[WhiteElo "774"]
[BlackElo "929"]
[PlyCount "93"]
[WhiteFideId "4616324"]
[EventCountry "GER"]
[EventRounds "11"]
[EventType "swiss"]
[EventDate "2005.05.15"]

1. e4 e5 2. Nf3 Nc6 3. Nc3 Nf6 4. Bb5 d6 5. d4 exd4 6. Nxd4 Bd7 7. Bg5 a6 8.
Bxc6 Bxc6 9. O-O h6 10. Bxf6 Qxf6 11. Nxc6 bxc6 12. Qd3 Be7 13. Rae1 O-O 14. f4
Rfd8 15. Qc4 c5 16. Nd5 Qe6 17. Nxe7+ Qxe7 18. e5 Qd7 19. f5 Rab8 20. b3 Rb6
21. Qd5 a5 22. e6 fxe6 23. fxe6 Qe7 24. Rf7 Qe8 25. e7 Rc8 26. Rf8+ Kh7 27.
Rxe8 Rxe8 28. Qf5+ Kg8 29. Qd7 Rbb8 30. Qxc7 Kh7 31. Qxd6 Kg8 32. Qxc5 Kh7 33.
Qxa5 Kg8 34. Qd5+ Kh7 35. c4 Kh8 36. c5 Rbc8 37. Qd7 Kh7 38. Qxc8 Rxc8 39. e8=Q
Rxe8 40. Rxe8 Kg6 41. c6 h5 42. c7 h4 43. c8=Q h3 44. Qxh3 Kg5 45. Rf8 Kg6 46.
Qg3+ Kh5 47. Rh8# 1-0

[Event "DEM U12 2005"]
[Site "Willingen GER"]
[Date "2005.05.18"]
[Round "7"]
[White "Thewes, Anna Christina"]
[Black "Weber, Max"]
[Result "1/2-1/2"]
[Termination "normal"]
[Board "48"]
[WhiteElo "918"]
[BlackElo "1128"]
[PlyCount "47"]
[BlackFideId "4624831"]
[EventCountry "GER"]
[EventRounds "11"]
[EventType "swiss"]
[EventDate "2005.05.15"]

1. e4 d5 2. exd5 Qxd5 3. Nc3 Qa5 4. Nf3 Bg4 5. Be2 Nc6 6. h3 Bh5 7. O-O O-O-O
8. d3 Nf6 9. a3 e6 10. Bd2 Qb6 11. b4 Bd6 12. Be3 Qa6 13. d4 b5 14. Nxb5 Qb7
15. Rb1 Bxf3 16. gxf3 a6 17. Nxd6+ Rxd6 18. c3 g5 19. Qa4 Nb8 20. b5 Qa8 21. c4
a5 22. c5 Rd7 23. Bd2 Rhd8 24. Bc3 1/2-1/2

[Event "DEM U12 2005"]
[Site "Willingen GER"]
[Date "2005.05.18"]
[Round "7"]
[White "Rau, Carla"]
[Black "Vyelina, Valeriya"]
[Result "1-0"]
[Termination "normal"]
[Board "49"]
[WhiteElo "1063"]
[BlackElo "885"]
[PlyCount "62"]
[BlackFideId "24677345"]
[EventCountry "GER"]
[EventRounds "11"]
[EventType "swiss"]
[EventDate "2005.05.15"]

1. e4 e5 2. Nf3 Nc6 3. Bc4 Nf6 4. d3 Bc5 5. O-O O-O 6. Bg5 h6 7. Bh4 d6 8. h3
Qe7 9. Nc3 Be6 10. Nd5 Bxd5 11. Bxd5 Rfe8 12. c3 Na5 13. d4 Bb6 14. b4 Nc6 15.
Re1 Nd8 16. Qd2 c6 17. Bb3 Bc7 18. d5 cxd5 19. Bxd5 Rb8 20. Rac1 Ne6 21. c4 Bd8
22. Bxe6 Qxe6 23. Bxf6 Qxf6 24. c5 dxc5 25. bxc5 Qa6 26. Qd5 Ba5 27. Red1 Rbd8
28. Qb3 Rxd1+ 29. Rxd1 Qe2 30. Rd7 Qxe4 31. Qxf7+ Kh7 1-0

[Event "DEM U12 2005"]
[Site "Willingen GER"]
[Date "2005.05.20"]
[Round "9"]
[White "Graf, Felix"]
[Black "Zimmermann, Gordon"]
[Result "1/2-1/2"]
[Termination "normal"]
[Board "1"]
[WhiteElo "2152"]
[BlackElo "1686"]
[PlyCount "53"]
[WhiteFideId "24608904"]
[BlackFideId "24624330"]
[EventCountry "GER"]
[EventRounds "11"]
[EventType "swiss"]
[EventDate "2005.05.15"]

1. d4 Nf6 2. c4 g6 3. Nc3 d5 4. cxd5 Nxd5 5. e4 Nxc3 6. bxc3 c5 7. Bc4 Bg7 8.
Ne2 O-O 9. O-O Nc6 10. Be3 Na5 11. Bd3 Qc7 12. Rc1 Rd8 13. Qd2 Nc6 14. f4 e6
15. f5 exf5 16. exf5 cxd4 17. cxd4 Qd6 18. fxg6 hxg6 19. Rf4 Be6 20. Rd1 Nb4
21. Be4 Nd5 22. Bxd5 Qxd5 23. Nc3 Qa5 24. Ne4 Qxd2 25. Rxd2 Rac8 26. Nc5 Bd5
27. Rf1 1/2-1/2

[Event "DEM U12 2005"]
[Site "Willingen GER"]
[Date "2005.05.20"]
[Round "9"]
[White "Zelbel, Patrick"]
[Black "Ma, Beini"]
[Result "1/2-1/2"]
[Termination "normal"]
[Board "2"]
[WhiteElo "1927"]
[BlackElo "1630"]
[PlyCount "110"]
[WhiteFideId "24624322"]
[BlackFideId "24630101"]
[EventCountry "GER"]
[EventRounds "11"]
[EventType "swiss"]
[EventDate "2005.05.15"]

1. e4 c5 2. c3 d5 3. exd5 Qxd5 4. d4 Nf6 5. Nf3 e6 6. Be2 Nc6 7. O-O cxd4 8.
cxd4 Be7 9. Nc3 Qd8 10. Re1 O-O 11. Bf4 Nb4 12. Ne5 Nbd5 13. Bg5 h6 14. Bh4 a6
15. Qd2 Ne4 16. Bxe7 Nxd2 17. Bxd8 Rxd8 18. Nxd5 Rxd5 19. Rad1 f6 20. Rxd2 fxe5
21. Bc4 Rxd4 22. Rxd4 exd4 23. Rd1 b5 24. Bb3 Bb7 25. Rxd4 Re8 26. Rd7 Bd5 27.
Bxd5 exd5 28. Kf1 Rc8 29. Rxd5 Rc2 30. Rd8+ Kf7 31. Ra8 Rxb2 32. Rxa6 b4 33. g3
b3 34. axb3 Rxb3 35. Kg2 h5 36. Ra5 Kg6 37. Re5 Kh6 38. Re3 Rb2 39. h4 Kg6 40.
Kf3 Kf5 41. Rc3 Rb5 42. Rc7 Rb3+ 43. Kg2 g6 44. Rc5+ Kf6 45. Rc4 Ke5 46. g4
hxg4 47. Rxg4 Kf5 48. Rg5+ Kf6 49. Ra5 Kg7 50. f3 Kh6 51. Kg3 Rb4 52. Re5 Rb1
53. Re3 Rg1+ 54. Kh2 Ra1 55. f4 Kh5 1/2-1/2

[Event "DEM U12 2005"]
[Site "Willingen GER"]
[Date "2005.05.20"]
[Round "9"]
[White "Kaphle, Stephan"]
[Black "Aslan, Benjamin"]
[Result "1-0"]
[Termination "normal"]
[Board "3"]
[WhiteElo "1954"]
[BlackElo "1507"]
[PlyCount "65"]
[WhiteFideId "24629103"]
[BlackFideId "24640298"]
[EventCountry "GER"]
[EventRounds "11"]
[EventType "swiss"]
[EventDate "2005.05.15"]

1. e4 d6 2. d4 Nf6 3. Nc3 g6 4. Be3 c6 5. Qd2 b5 6. f3 Nbd7 7. g4 Bb7 8. Nge2
Nb6 9. Ng3 b4 10. Nd1 a5 11. g5 Nfd7 12. f4 h5 13. gxh6 Bxh6 14. Nf2 Qc7 15.
Ng4 f6 16. h4 O-O-O 17. Nxh6 Rxh6 18. f5 g5 19. hxg5 Rxh1 20. Nxh1 c5 21. d5
Ne5 22. O-O-O Nbc4 23. Bxc4 Nxc4 24. Qe2 Nxe3 25. Qxe3 fxg5 26. Qxg5 c4 27. Kb1
a4 28. Qe3 c3 29. Rd4 Qa5 30. bxc3 Qb5 31. Qd3 Qxd3 32. Rxd3 Rh8 33. Ng3 1-0

[Event "DEM U12 2005"]
[Site "Willingen GER"]
[Date "2005.05.20"]
[Round "9"]
[White "Schäfer, Alexander"]
[Black "Specht, Christian"]
[Result "1-0"]
[Termination "normal"]
[Board "4"]
[WhiteElo "2035"]
[BlackElo "1568"]
[PlyCount "65"]
[WhiteFideId "24615196"]
[BlackFideId "24647985"]
[EventCountry "GER"]
[EventRounds "11"]
[EventType "swiss"]
[EventDate "2005.05.15"]

1. e4 c5 2. Nf3 Nc6 3. Bb5 g6 4. Bxc6 dxc6 5. d3 Bg7 6. h3 e5 7. Nc3 Qe7 8. Be3
Nf6 9. Qd2 Nd7 10. Nh2 Nf8 11. O-O-O Ne6 12. g3 a5 13. Na4 b5 14. Nb6 Rb8 15.
Nxc8 Rxc8 16. Bh6 Bxh6 17. Qxh6 Qg5+ 18. Qxg5 Nxg5 19. h4 Ne6 20. Ng4 f6 21.
Nxf6+ Ke7 22. Ng4 Kd6 23. Rhf1 Rcf8 24. c3 h5 25. Ne3 Rf3 26. Kd2 Rhf8 27. Ke2
Kc7 28. Nf5 R3xf5 29. exf5 Rxf5 30. Ke3 b4 31. a3 Kb6 32. a4 Kc7 33. f4 1-0

[Event "DEM U12 2005"]
[Site "Willingen GER"]
[Date "2005.05.20"]
[Round "9"]
[White "Mohr, Fides"]
[Black "Friedrich, Wiede"]
[Result "0-1"]
[Termination "normal"]
[Board "5"]
[WhiteElo "1476"]
[BlackElo "1739"]
[PlyCount "68"]
[BlackFideId "24629537"]
[EventCountry "GER"]
[EventRounds "11"]
[EventType "swiss"]
[EventDate "2005.05.15"]

1. d4 g6 2. c4 Bg7 3. Nc3 d6 4. e4 Nf6 5. f4 O-O 6. Nf3 c5 7. d5 Ne8 8. Bd3 Nc7
9. O-O e6 10. Rb1 Re8 11. Bd2 exd5 12. exd5 f5 13. Qc2 Nd7 14. Rfe1 Nf6 15.
Rxe8+ Qxe8 16. Re1 Qf8 17. Ng5 Ng4 18. Nf3 Bd7 19. h3 Nf6 20. Kh2 a6 21. a4 Rb8
22. Ng5 Re8 23. Qb3 Rxe1 24. Bxe1 Qb8 25. Bd2 h6 26. Nf3 b6 27. Ne1 Kf7 28. a5
b5 29. cxb5 axb5 30. Nc2 Qe8 31. Bf1 b4 32. Nd1 Ba4 33. Qc4 Bb5 34. Qb3 Bxf1
0-1

[Event "DEM U12 2005"]
[Site "Willingen GER"]
[Date "2005.05.20"]
[Round "9"]
[White "Endress, Anna"]
[Black "Wittke, Rene"]
[Result "0-1"]
[Termination "normal"]
[Board "6"]
[WhiteElo "1725"]
[BlackElo "1612"]
[PlyCount "76"]
[WhiteFideId "24629472"]
[BlackFideId "24640255"]
[EventCountry "GER"]
[EventRounds "11"]
[EventType "swiss"]
[EventDate "2005.05.15"]

1. e4 e5 2. Nf3 Nf6 3. Nxe5 d6 4. Nf3 Nxe4 5. d4 d5 6. Bd3 Nc6 7. c3 Bd6 8. h3
O-O 9. O-O Re8 10. Re1 Bf5 11. Be3 Qf6 12. Qc2 Bg6 13. Nbd2 h6 14. Re2 Re7 15.
Ne1 Rae8 16. Bxe4 dxe4 17. Nc4 Kh7 18. Qb3 b6 19. Nc2 Bh5 20. Ree1 Qg6 21. Nxd6
cxd6 22. Bf4 f5 23. Ne3 Rf7 24. Qd5 Ne7 25. Qxd6 Rf6 26. Qc7 Bf3 27. Kh2 Nd5
28. Qd7 Nxe3 29. g3 Nc2 30. Be5 Rfe6 31. h4 Nxa1 32. Kg1 Nc2 33. Rc1 e3 34.
Rxc2 f4 35. Rc1 exf2+ 36. Kf1 Qd3+ 37. Kxf2 Qe2+ 38. Kg1 Qg2# 0-1

[Event "DEM U12 2005"]
[Site "Willingen GER"]
[Date "2005.05.20"]
[Round "9"]
[White "Gadschisade, Machmud"]
[Black "Lingl, Xenia"]
[Result "0-1"]
[Termination "normal"]
[Board "7"]
[WhiteElo "1676"]
[BlackElo "1363"]
[PlyCount "78"]
[WhiteFideId "4647734"]
[EventCountry "GER"]
[EventRounds "11"]
[EventType "swiss"]
[EventDate "2005.05.15"]

1. c4 e5 2. Nc3 Nf6 3. g3 c6 4. d4 e4 5. Bg5 Bb4 6. Bg2 d5 7. cxd5 cxd5 8. a3
Bxc3+ 9. bxc3 h6 10. Bxf6 Qxf6 11. c4 Be6 12. cxd5 Bxd5 13. e3 O-O 14. Ne2 Re8
15. Nc3 Bc6 16. Rc1 Qf5 17. d5 Bd7 18. Qd4 Qg4 19. h3 Qg6 20. Bxe4 Qa6 21. Qb4
Rc8 22. h4 Ba4 23. Rb1 Be8 24. a4 Nd7 25. Nb5 Ne5 26. Nd6 Rc7 27. f4 Nd3+ 28.
Bxd3 Qxd3 29. Rb3 Rc1+ 30. Kf2 Qc2+ 31. Kf3 Rxh1 32. Qxb7 Rd8 33. Qe7 Rf1+ 34.
Kg4 Qe2+ 35. Kf5 Qh5+ 36. Ke4 Qf3+ 37. Kd3 Rd1+ 38. Kc3 Qxd5 39. Qxd8 Rd3+ 0-1